000
00294nam a22001337a 4500
008
180924b xxu||||| |||| 00| 0 eng d
020
_a
9780195103700
041
_a
eng
080
_2
3rd
_a
621
100
_a
28
101
_a
MEK
245
_a
Microelectronic Circuits
_c
Sedra
942
_2
udc
_c
BK
999
_c
48386
_d
48386